000 00680nam a2200241Ia 4500
003 OSt
005 20221006144740.0
006 a|||||r|||| 00| 0
007 ta
008 221006b |||||||| |||| 00| 0 eng d
020 _c
_10.00(each)
024 _a12,597
037 _cTextual
040 _aEASL
_cEASL
_beng
041 _2eng
_aeng
082 _aV41:1958,(zT).N65, K7-;2
100 _aHALPERIN Morton H Ed.
_9652759
245 0 _aSino-Soviet relations and arms control
260 _aCambridge
_bM I T Press
_c1967
300 _a342p.
_ccm.
942 _hV41:1958,(zT).N65, K7-;2
_cTEXL
_2CC
999 _c1080683
_d1080683